[Event "Baku Open 2023"]
[Site "Baku AZE"]
[Date "2023.05.12"]
[Round "9.43"]
[White "Klek, Hanna Marie"]
[Black "Sharma, Isha"]
[Result "1/2-1/2"]
[WhiteTitle "WGM"]
[BlackTitle "WIM"]
[WhiteElo "2324"]
[BlackElo "2216"]
[WhiteFideId "24670057"]
[BlackFideId "35006665"]
[EventDate "2023.05.04"]

1. e4 e5 2. Nf3 Nc6 3. Bb5 a6 4. Ba4 Nf6 5. O-O Be7 6. d3 b5 7. Bb3 O-O 8. a4 b4
9. d4 d6 10. dxe5 Nxe5 11. Bf4 Ng6 12. Bd2 c5 13. c3 a5 14. Re1 Bb7 15. cxb4
axb4 16. Qc2 Nd7 17. Be3 Bf6 18. Nbd2 Nde5 19. Nxe5 Nxe5 20. Rad1 Re8 21. Bf4
Ba6 22. Bxe5 Bxe5 23. Bd5 Rc8 24. Nf3 Qc7 25. Nxe5 dxe5 26. b3 g6 27. h4 Qe7 28.
g3 Rc7 29. Re3 Kg7 30. Rf3 f6 31. Bc4 Bb7 32. Bd5 Ba6 33. Bc4 Bb7 1/2-1/2

[Event "Baku Open 2023"]
[Site "Baku AZE"]
[Date "2023.05.12"]
[Round "9.44"]
[White "Guliev, Logman"]
[Black "Mustafayev, Farid"]
[Result "1/2-1/2"]
[WhiteTitle "IM"]
[BlackTitle "FM"]
[WhiteElo "2261"]
[BlackElo "2316"]
[WhiteFideId "13400061"]
[BlackFideId "13408771"]
[EventDate "2023.05.04"]

1. e4 c5 2. Nf3 a6 3. c4 e6 4. Nc3 Qc7 5. Be2 Nc6 6. d4 cxd4 7. Nxd4 Nf6 8. a3
h5 9. h3 Ne5 10. Be3 d6 11. Rc1 Be7 12. O-O Bd7 13. f4 Ng6 14. b4 Rc8 15. Qe1
Qb8 16. f5 Ne5 17. fxe6 fxe6 18. Qg3 O-O 19. Bh6 Rf7 20. Nf3 Nxf3+ 21. Rxf3 Rcf8
22. Rcf1 Ng4 23. Rxf7 Rxf7 24. Rxf7 Kxf7 25. Bd2 Nf6 26. c5 h4 27. Qf4 b5 28.
cxd6 Bxd6 29. Qxh4 Be5 30. Nd1 Bg3 31. Qg5 Nxe4 32. Qe3 Bc6 33. Bf3 Bc7 34. Kf1
Qb7 35. Be1 Nf6 36. Bxc6 Qxc6 37. Nf2 Bb6 38. Qd3 Bxf2 39. Bxf2 Qc1+ 40. Ke2 Nd5
41. Kf3 Qc6 42. Kg3 Qc7+ 43. Kf3 Kg8 44. Bg3 Qf7+ 45. Ke2 Qf6 46. Bd6 Qb2+ 1/2-1/2

[Event "Baku Open 2023"]
[Site "Baku AZE"]
[Date "2023.05.12"]
[Round "9.45"]
[White "Wagh, Suyog"]
[Black "Hulka, Valentyn"]
[Result "1/2-1/2"]
[WhiteTitle "FM"]
[BlackTitle "CM"]
[WhiteElo "2313"]
[BlackElo "2258"]
[WhiteFideId "25071688"]
[BlackFideId "34107061"]
[EventDate "2023.05.04"]

1. d4 Nf6 2. c4 e6 3. Nc3 Bb4 4. e3 O-O 5. Bd3 d5 6. cxd5 exd5 7. Qc2 Re8 8. a3
Bf8 9. Nge2 b6 10. b4 Bb7 11. O-O Nbd7 12. Rb1 Qc8 13. b5 a6 14. a4 axb5 15.
axb5 Bd6 16. Qb3 Nf8 17. Ng3 g6 18. f3 Ne6 19. Bb2 Qd7 20. Nh1 Re7 21. Nf2 Rae8
22. Rbd1 Ng5 23. Bc1 Kg7 24. Bb1 Rxe3 25. Bxe3 Rxe3 26. Rfe1 Qe7 27. Nd3 h5 28.
Qc2 Rxe1+ 29. Rxe1 Ne6 30. Ne2 Bb4 31. Rd1 h4 32. Nxb4 Qxb4 33. Qd3 Bc8 34. Bc2
Bd7 35. Rb1 Qa5 36. Kf2 Ne8 37. Qc3 Qxc3 38. Nxc3 Nxd4 39. Ba4 Nd6 40. Rd1 N4xb5
41. Nxd5 Be8 42. Re1 Bc6 43. Nxc7 Nxc7 44. Bxc6 Kf6 45. Bd7 Nd5 46. Rb1 Nf5 47.
Re1 Nd6 48. Re2 g5 49. g3 hxg3+ 50. hxg3 Nc3 51. Rc2 Nd5 52. Ba4 Nf5 53. Bb3
Nfe7 54. Re2 Kf5 55. Re4 Kf6 56. Bc4 Kf5 57. Ke1 Kf6 58. Kd2 Nc7 59. Re1 Nf5 60.
g4 Nd4 61. Kd3 Nce6 62. Ke4 Nc6 63. Kd5 Ncd4 64. Bd3 Nxf3 65. Rd1 1/2-1/2

[Event "Baku Open 2023"]
[Site "Baku AZE"]
[Date "2023.05.12"]
[Round "9.46"]
[White "Guliev, Sarhan"]
[Black "Orujov, Farid"]
[Result "1/2-1/2"]
[WhiteTitle "GM"]
[BlackTitle "FM"]
[WhiteElo "2308"]
[BlackElo "2225"]
[WhiteFideId "13400231"]
[BlackFideId "13423533"]
[EventDate "2023.05.04"]

1. d4 Nf6 2. c4 e6 3. Nc3 Bb4 4. e3 O-O 5. Bd3 d5 6. Nf3 dxc4 7. Bxc4 c5 8. O-O
Nc6 9. a3 Bxc3 10. bxc3 Qc7 11. Qe2 e5 12. dxe5 Nxe5 13. Nxe5 Qxe5 14. f3 Be6
15. Bxe6 Qxe6 16. c4 Nd7 17. Rb1 Nb6 18. e4 Nxc4 19. Rxb7 Rfb8 20. Rxb8+ Rxb8
21. f4 Nd6 22. e5 Nf5 23. Be3 Qd5 24. Bf2 Nd4 25. Bxd4 Qxd4+ 26. Qf2 Qc3 27. Qf3
Qd4+ 28. Qf2 Qxf2+ 29. Kxf2 Rb2+ 30. Kf3 Rb3+ 31. Ke4 Rxa3 32. Rc1 Ra5 33. f5
Kf8 34. Rb1 Ra2 35. g4 Ra4+ 36. Kd5 Rxg4 37. Rb8+ Ke7 38. Rb7+ Ke8 39. Kxc5 Rf4
40. Rxa7 Rf2 41. h4 Rc2+ 42. Kd5 Rd2+ 1/2-1/2